000
00260nam a2200109Ia 4500
008
231212s1984 xx 000 0 und d
041
_a
eng
082
_a
660.283
100
_a
Dhake A.M.
245
_a
Television Engineering
260
_a
New Delhi
_b
Butter
_c
1984
999
_c
959129
_d
959129